[Event "Americas World Cup QGp7"]
[Site "Tornelo INT"]
[Date "2021.05.27"]
[Round "3.3"]
[White "Sambuev, Bator"]
[Black "Bacallao Alonso, Yusnel"]
[Result "1-0"]
[WhiteElo "2514"]
[BlackElo "2590"]
[PlyCount "61"]
[EventDate "2021.05.22"]
[EventType "k.o."]
[EventRounds "3"]
[EventCountry "NET"]
[Source "Mark Crowther"]
[SourceDate "2021.05.31"]

1. Nf3 Nf6 2. c4 c5 3. Nc3 Nc6 4. e3 e6 5. d4 d5 6. a3 a6 7. dxc5 Bxc5 8. b4
Bd6 9. Ra2 Ne5 10. Rd2 Qc7 11. c5 Nxf3+ 12. gxf3 Be5 13. Bb2 d4 14. exd4 Bf4
15. Re2 O-O 16. d5 exd5 17. Qd4 Bh6 18. Rg1 Qxh2 19. Rg2 Qh1 20. Nxd5 Bh3 21.
Nxf6+ Kh8 22. Qe4 Bd2+ 23. Kxd2 Bxg2 24. Bxg2 Qh6+ 25. Kc2 gxf6 26. Qf5 Qg6 27.
Bxf6+ Kg8 28. Qxg6+ fxg6 29. Be5 g5 30. f4 gxf4 31. Bd5+ 1-0

[Event "Americas World Cup QGp7"]
[Site "Tornelo INT"]
[Date "2021.05.27"]
[Round "3.4"]
[White "Bacallao Alonso, Yusnel"]
[Black "Sambuev, Bator"]
[Result "1-0"]
[WhiteElo "2590"]
[BlackElo "2514"]
[PlyCount "109"]
[EventDate "2021.05.22"]
[EventType "k.o."]
[EventRounds "3"]
[EventCountry "NET"]
[Source "Mark Crowther"]
[SourceDate "2021.05.31"]

1. d4 d5 2. Bf4 c5 3. e3 cxd4 4. exd4 Nc6 5. c3 Bf5 6. Qb3 Qd7 7. Nf3 e6 8.
Nbd2 Nge7 9. Be2 Ng6 10. Be3 Bd6 11. g3 O-O 12. h4 Nge7 13. Kf1 f6 14. Kg2 Kh8
15. h5 h6 16. Rae1 e5 17. Nh4 Bh7 18. Ng6+ Nxg6 19. hxg6 Bxg6 20. Qxd5 exd4 21.
cxd4 Ne7 22. Qb3 Bf7 23. Qd3 Bd5+ 24. Bf3 Bxf3+ 25. Nxf3 Qf5 26. Qd2 Kg8 27. d5
Qxd5 28. Bxh6 Qxd2 29. Bxd2 Nc6 30. Nh4 Rfe8 31. Nf5 Bf8 32. Bc3 Rxe1 33. Rxe1
Kf7 34. f4 Rd8 35. g4 g6 36. Ng3 Bb4 37. Ne4 Bxc3 38. bxc3 Rd3 39. Rh1 Kg7 40.
g5 fxg5 41. Nxg5 Kf6 42. Rh7 Kf5 43. Rf7+ Kg4 44. Ne4 Rf3 45. Nf6+ Kxf4 46.
Nd7+ Ke4 47. Rxf3 Kd5 48. Nf6+ Kc4 49. Ne4 Ne5 50. Rg3 Kd5 51. Nd2 b5 52. Kf2
a5 53. Ke2 Ke6 54. Rh3 Kf5 55. Rh8 1-0

[Event "Americas World Cup QGp7"]
[Site "Tornelo INT"]
[Date "2021.05.28"]
[Round "3.5"]
[White "Sambuev, Bator"]
[Black "Bacallao Alonso, Yusnel"]
[Result "0-1"]
[WhiteElo "2514"]
[BlackElo "2590"]
[PlyCount "112"]
[EventDate "2021.05.22"]
[EventType "k.o."]
[EventRounds "3"]
[EventCountry "NET"]
[Source "Mark Crowther"]
[SourceDate "2021.05.31"]

1. Nf3 Nf6 2. c4 b6 3. g3 Bb7 4. Bg2 e6 5. O-O Be7 6. Nc3 O-O 7. Re1 d5 8. cxd5
Nxd5 9. e4 Nxc3 10. bxc3 Nc6 11. d4 Na5 12. Ne5 Bd6 13. Bf4 Qe7 14. d5 Bxe5 15.
Bxe5 Nc4 16. Bf4 e5 17. Bc1 c6 18. a4 Rfd8 19. Qd3 cxd5 20. exd5 Rac8 21. Be4
h6 22. h4 Qc5 23. Rd1 Nd6 24. Bg2 e4 25. Qd4 Qxc3 26. Qxc3 Rxc3 27. a5 b5 28.
a6 Ba8 29. Be3 Rc7 30. Rac1 Rxc1 31. Rxc1 Nc4 32. Bxe4 Rd7 33. Rd1 Nxe3 34.
fxe3 Kf8 35. Bf3 f5 36. h5 Ke7 37. Kf2 Kd6 38. Rb1 Kc5 39. Rc1+ Kb6 40. Rd1
Kxa6 41. g4 fxg4 42. Bg2 Kb6 43. e4 Kc5 44. Ke3 b4 45. Rc1+ Kd6 46. Kd4 b3 47.
e5+ Ke7 48. d6+ Ke6 49. Bxa8 b2 50. Rb1 g3 51. Bd5+ Kf5 52. Rxb2 g2 53. Bxg2
Kf4 54. Bh3 Rd8 55. d7 a5 56. e6 a4 0-1

[Event "Capablanca mem. op"]
[Site "Havana CUB"]
[Date "2018.05.13"]
[Round "5"]
[White "Miranda Llanes, Yerisbel"]
[Black "Sambuev, Bator"]
[Result "0-1"]
[WhiteElo "2270"]
[BlackElo "2521"]
[PlyCount "86"]
[EventDate "2018.05.09"]
[EventType "swiss"]
[EventRounds "10"]
[EventCountry "CUB"]

1. d4 g6 2. c4 Bg7 3. Nc3 d6 4. Nf3 Bg4 5. e4 Nc6 6. Be3 Bxf3 7. gxf3 e5 8. d5
Nd4 9. Nb5 Nf6 10. Nxd4 exd4 11. Bxd4 O-O 12. Be2 Nh5 13. Bxg7 Kxg7 14. Qd4+
Qf6 15. Qxf6+ Kxf6 16. Kd2 Ke5 17. Ke3 f5 18. Rhc1 Nf4 19. Bf1 Rf7 20. c5 fxe4
21. fxe4 Raf8 22. f3 g5 23. b4 h5 24. a4 Ng6 25. Be2 Nh4 26. Rf1 Ng2+ 27. Kf2
Nf4 28. Bc4 Kd4 29. Rac1 g4 30. e5 Kxe5 31. Rfe1+ Kf5 32. Re3 Kg5 33. Rcc3 Ng6
34. Be2 Ne5 35. cxd6 cxd6 36. Kg3 h4+ 37. Kg2 gxf3+ 38. Bxf3 Rf4 39. b5 Rxa4
40. Be2 Ra2 41. Kg1 Rf4 42. Rc7 Rb4 43. Rxb7 Kf4 0-1

[Event "Capablanca mem. op"]
[Site "Havana CUB"]
[Date "2018.05.17"]
[Round "8.4"]
[White "Sambuev, Bator"]
[Black "Panesso Rivera, Henry"]
[Result "1-0"]
[WhiteElo "2521"]
[BlackElo "2423"]
[PlyCount "61"]
[EventDate "2018.05.09"]
[EventType "swiss"]
[EventRounds "10"]
[EventCountry "CUB"]
[Source "Chess Mix"]
[SourceDate "2018.06.01"]

1. d4 Nf6 2. g3 e6 3. Bg2 d5 4. Nf3 b5 5. O-O Be7 6. c3 O-O 7. Bg5 Nbd7 8. Nbd2
c5 9. a4 bxa4 10. Rxa4 Nb6 11. Ra2 c4 12. Ne5 Qc7 13. e4 Bb7 14. exd5 Bxd5 15.
Re1 h6 16. Bxf6 Bxf6 17. Bxd5 exd5 18. Ng4 Be7 19. Nf3 h5 20. Nge5 Bf6 21. Ra1
a5 22. Qc2 Qc8 23. Re3 a4 24. Kg2 Rd8 25. h4 Rd6 26. Rae1 Rd8 27. Ng5 Bxg5 28.
hxg5 Ra7 29. g6 f6 30. Nf7 Rf8 31. Re6 1-0

[Event "Capablanca mem. op"]
[Site "Havana CUB"]
[Date "2018.05.18"]
[Round "9.4"]
[White "Garcia Pantoja, Roberto"]
[Black "Sambuev, Bator"]
[Result "0-1"]
[WhiteElo "2494"]
[BlackElo "2521"]
[PlyCount "118"]
[EventDate "2018.05.09"]
[EventType "swiss"]
[EventRounds "10"]
[EventCountry "CUB"]
[Source "Chess Mix"]
[SourceDate "2018.06.01"]

1. e4 d6 2. d4 Nf6 3. Nc3 e5 4. Nf3 Nbd7 5. Bc4 Be7 6. O-O O-O 7. Re1 c6 8. a4
a5 9. h3 h6 10. Ba2 Re8 11. Be3 Qc7 12. Nh4 Nf8 13. Qf3 exd4 14. Bxd4 Ne6 15.
Bxe6 Bxe6 16. Nf5 Bxf5 17. Qxf5 Nd7 18. Rad1 Bf6 19. Re2 Re6 20. Red2 Ne5 21.
Bxe5 Bxe5 22. Qf3 Qb6 23. b3 Rae8 24. Ne2 Rf6 25. Qe3 Qxe3 26. fxe3 Kf8 27. Nd4
g6 28. Nf3 Bg3 29. Rd4 c5 30. Rc4 h5 31. Rd5 b6 32. h4 Rfe6 33. Rg5 Be5 34.
Nxe5 dxe5 35. Kf2 Rd8 36. Ke2 Red6 37. Rxe5 Rd2+ 38. Kf3 R8d6 39. Rd5 Rf6+ 40.
Kg3 Re2 41. Rc3 Rff2 42. Rd6 Rxg2+ 43. Kf4 Rg4+ 44. Ke5 Rxh4 45. Rxb6 Rg4 46.
Rxc5 Rxe3 47. Rxa5 Rexe4+ 48. Kd5 h4 49. Rf6 Kg7 50. Rf3 Ref4 51. Rxf4 Rxf4 52.
Ra8 h3 53. Re8 g5 54. Re1 g4 55. a5 Rf6 56. Rh1 Rg6 57. a6 Rxa6 58. Ke4 Rg6 59.
Kf4 g3 0-1

[Event "Capablanca mem. op"]
[Site "Havana CUB"]
[Date "2018.05.19"]
[Round "10.1"]
[White "Sambuev, Bator"]
[Black "Cruz, Cristhian"]
[Result "1/2-1/2"]
[WhiteElo "2521"]
[BlackElo "2562"]
[PlyCount "131"]
[EventDate "2018.05.09"]
[EventType "swiss"]
[EventRounds "10"]
[EventCountry "CUB"]
[Source "Chess Mix"]
[SourceDate "2018.06.01"]

1. d4 Nf6 2. Nf3 d5 3. e3 g6 4. c4 c6 5. Bd3 Bg7 6. O-O O-O 7. Nc3 Bg4 8. h3
Bxf3 9. Qxf3 e6 10. Rd1 Nbd7 11. b3 Re8 12. Bf1 Qe7 13. Bb2 Rac8 14. Qe2 dxc4
15. bxc4 e5 16. Qc2 exd4 17. exd4 Nf8 18. Qb3 Ne6 19. Ba3 Qd7 20. d5 cxd5 21.
Nxd5 Nxd5 22. Rxd5 Qc7 23. Rad1 b6 24. Rd7 Qf4 25. g3 Qf5 26. Bg2 h5 27. R7d5
Qf6 28. h4 Nc5 29. Bxc5 Rxc5 30. Rd7 Re7 31. Rxe7 Qxe7 32. Bd5 Bf6 33. Rd3 Kg7
34. Re3 Qd7 35. Rf3 Rc7 36. Rf4 Qd6 37. Qf3 Re7 38. Kg2 Re5 39. a4 Qe7 40. a5
bxa5 41. Qb3 Qb4 42. Qf3 Qd6 43. Qd1 Re7 44. Qa4 Bc3 45. Rf3 Qb4 46. Qc2 Bd4
47. Qd1 Qc5 48. Qd2 a4 49. Qa2 Qb4 50. c5 Qb2 51. c6 Qxa2 52. Bxa2 Bb6 53. Kf1
f5 54. Ra3 Re5 55. Rxa4 Rc5 56. Rc4 Rxc4 57. Bxc4 Kf6 58. f4 Ke7 59. Ke2 a5 60.
Bb3 Kd6 61. Bf7 a4 62. Kd3 Bf2 63. Bxg6 Bxg3 64. Bxh5 Bxh4 65. Bg6 Bg3 66. Bxf5
1/2-1/2

[Event "Varennes int."]
[Site "Varennes CAN"]
[Date "2017.10.08"]
[Round "4.1"]
[White "Lenderman, Alex"]
[Black "Sambuev, Bator"]
[Result "1/2-1/2"]
[WhiteElo "2591"]
[BlackElo "2535"]
[PlyCount "128"]
[EventDate "2017.10.06"]
[EventType "swiss"]
[EventRounds "5"]
[EventCountry "CAN"]

1. Nf3 c5 2. d4 cxd4 3. c3 dxc3 4. Nxc3 Nc6 5. e4 e6 6. Bc4 a6 7. O-O Nge7 8.
Bg5 d6 9. Re1 h6 10. Bh4 g5 11. Bg3 Ng6 12. Rc1 h5 13. h3 g4 14. hxg4 hxg4 15.
Nh2 Bh6 16. Rc2 Nce5 17. Ne2 b5 18. Bb3 Qb6 19. Nd4 Bf4 20. Bxf4 Nxf4 21. Nxg4
Bb7 22. Nxe5 dxe5 23. Nf3 Rg8 24. Nxe5 Rxg2+ 25. Kf1 Qd8 26. Qxd8+ Rxd8 27. Nf3
Rd3 28. Rc3 Rg8 29. Re3 Rxc3 30. Rxc3 Rh8 31. Ng1 Rh2 32. Bc2 Kd7 33. b4 Kd6
34. Rc5 e5 35. Rxe5 Bc8 36. Rg5 f6 37. Rg3 Rh1 38. e5+ fxe5 39. Be4 Rh6 40. Ke1
Be6 41. Ra3 Bc8 42. Rc3 Bd7 43. Ne2 Nxe2 44. Kxe2 Rh4 45. Ke3 Rh3+ 46. f3 Rh2
47. a3 Ra2 48. Bb7 Be6 49. Rc6+ Kd7 50. Rxa6 Bc4 51. Ke4 Kc7 52. Ba8 Re2+ 53.
Kf5 Re3 54. Kg4 Be2 55. Kg3 Rc3 56. Kf2 Bd1 57. Bd5 Ba4 58. Re6 Rxa3 59. Rxe5
Kd6 60. f4 Rc3 61. Ke2 Rc2+ 62. Kd3 Rb2 63. Kc3 Rc2+ 64. Kd3 Rb2 1/2-1/2

[Event "Capablanca mem. op"]
[Site "Matanzas CUB"]
[Date "2017.05.27"]
[Round "1.3"]
[White "Sambuev, Bator"]
[Black "Hernandez Gonzalez, William"]
[Result "1/2-1/2"]
[WhiteElo "2539"]
[BlackElo "2397"]
[PlyCount "77"]
[EventDate "2017.05.27"]
[EventType "swiss"]
[EventRounds "10"]
[EventCountry "CUB"]
[Source "Chess Mix"]
[SourceDate "2017.07.01"]

1. Nf3 Nf6 2. c4 c5 3. Nc3 Nc6 4. e3 d5 5. d4 cxd4 6. exd4 Bg4 7. cxd5 Nxd5 8.
Qb3 Bxf3 9. gxf3 Nb6 10. d5 Nd4 11. Qd1 e5 12. dxe6 Nxe6 13. Bb5+ Nd7 14. O-O
a6 15. Bxd7+ Qxd7 16. Qxd7+ Kxd7 17. Rd1+ Ke8 18. Be3 Rd8 19. Nd5 f5 20. Bb6
Rd6 21. Rac1 Kf7 22. a4 g6 23. Bc7 Rd7 24. Nb6 Rxd1+ 25. Rxd1 Nxc7 26. Rd7+ Ke6
27. Rxc7 Bd6 28. Rxb7 Rb8 29. Rxb8 Bxb8 30. b4 Bc7 31. Nc4 Kd5 32. Ne3+ Kd4 33.
Kg2 Bd6 34. b5 axb5 35. axb5 Kc5 36. b6 Kxb6 37. f4 Kc6 38. Kf3 Bc7 39. h3
1/2-1/2

[Event "Capablanca mem. op"]
[Site "Matanzas CUB"]
[Date "2017.05.28"]
[Round "2.13"]
[White "Martin, Orlando"]
[Black "Sambuev, Bator"]
[Result "1/2-1/2"]
[WhiteElo "2363"]
[BlackElo "2539"]
[PlyCount "110"]
[EventDate "2017.05.27"]
[EventType "swiss"]
[EventRounds "10"]
[EventCountry "CUB"]
[Source "Chess Mix"]
[SourceDate "2017.07.01"]

1. d4 e6 2. c4 Nf6 3. g3 Bb4+ 4. Bd2 a5 5. Bg2 O-O 6. e4 d6 7. Ne2 e5 8. O-O
Bg4 9. f3 Bd7 10. Nbc3 Nc6 11. Nd5 Bxd2 12. Qxd2 Ne8 13. Ne3 exd4 14. Nxd4 Qg5
15. Rfd1 a4 16. Nd5 Qxd2 17. Rxd2 Nxd4 18. Rxd4 Be6 19. Rc1 Ra5 20. b4 axb3 21.
axb3 f6 22. Rdd1 Ra3 23. b4 Kf7 24. Ra1 Rxa1 25. Rxa1 c6 26. Nb6 Nc7 27. Ra7
Rb8 28. f4 Ke7 29. Kf2 Kd8 30. Ke3 Na6 31. b5 Nc5 32. Kd4 Nb3+ 33. Kc3 Nc5 34.
Kd4 Nd7 35. Nxd7 Bxd7 36. Bf1 Kc7 37. bxc6 Bxc6 38. Ra3 Re8 39. Bd3 g5 40. fxg5
fxg5 41. Ra1 Kd7 42. Rf1 Ke7 43. Rf5 h6 44. h4 Bd7 45. Ra5 gxh4 46. gxh4 Rf8
47. Rh5 Rf6 48. e5 dxe5+ 49. Rxe5+ Kf8 50. Be4 Rf4 51. Kc5 Rxh4 52. Bxb7 Rf4
53. Kd6 Bg4 54. c5 Rf6+ 55. Kc7 Rf5 1/2-1/2

[Event "PRO League KO Stage"]
[Site "chess.com INT"]
[Date "2017.03.01"]
[Round "1"]
[White "Kumar, Nikhil"]
[Black "Sambuev, Bator"]
[Result "1-0"]
[WhiteElo "2444"]
[BlackElo "2541"]
[PlyCount "129"]
[EventDate "2017.03.01"]
[EventType "k.o."]
[EventRounds "5"]
[EventCountry "USA"]
[Source "Mark Crowther"]
[SourceDate "2017.03.06"]
[WhiteTeam "Miami Champions"]
[BlackTeam "Toronto Dragons"]

1. d4 Nf6 2. c4 e6 3. Nc3 Bb4 4. e3 c5 5. Nge2 b6 6. a3 Ba5 7. Rb1 Na6 8. g3
Bb7 9. d5 b5 10. Bg2 bxc4 11. O-O O-O 12. e4 exd5 13. e5 Ng4 14. Bxd5 Bxd5 15.
Qxd5 Nc7 16. Qe4 f5 17. Qxc4+ Kh8 18. f4 d5 19. exd6 Qxd6 20. h3 Nf6 21. Be3
Bb6 22. Rbd1 Qc6 23. Rd3 Rad8 24. Rfd1 Rxd3 25. Rxd3 Re8 26. Bf2 h6 27. b4 Qe6
28. Qxe6 Nxe6 29. Kg2 Kg8 30. bxc5 Nxc5 31. Rd1 Kf7 32. Nd4 g6 33. Nc6 Nfd7 34.
Nd5 Re2 35. Nxb6 axb6 36. Re1 Rxf2+ 37. Kxf2 Nd3+ 38. Ke2 Nxe1 39. Kxe1 Ke6 40.
Kd2 Kd6 41. Nd4 Kd5 42. Nb5 Kc4 43. Nc3 Kb3 44. a4 Kc4 45. Nb5 Nc5 46. Nd6+ Kd4
47. Nf7 Ne4+ 48. Ke2 Nxg3+ 49. Kf3 Ne4 50. Ne5 Nd2+ 51. Kg3 Nc4 52. Nxg6 Ke4
53. Ne7 Nb2 54. Nc8 Nxa4 55. Nd6+ Kd3 56. Kf3 Nc3 57. Nxf5 b5 58. Nd6 b4 59.
Nb7 Nd5 60. Na5 h5 61. f5 Kd4 62. Nc6+ Kc5 63. Nxb4 Kxb4 64. Ke4 Kc5 65. Ke5
1-0

[Event "PRO League Atlantic"]
[Site "chess.com INT"]
[Date "2017.01.25"]
[Round "3"]
[White "Baker, Vincent"]
[Black "Sambuev, Bator"]
[Result "0-1"]
[WhiteElo "1960"]
[BlackElo "2539"]
[PlyCount "72"]
[EventDate "2017.01.11"]
[EventType "team"]
[EventRounds "7"]
[EventCountry "USA"]
[Source "Mark Crowther"]
[SourceDate "2017.01.30"]
[WhiteTeam "Columbus Cardinals"]
[BlackTeam "Toronto Dragons"]

1. e4 e6 2. d4 d5 3. Nc3 Bb4 4. Nge2 dxe4 5. a3 Be7 6. Nxe4 Nc6 7. Be3 Nf6 8.
Nxf6+ Bxf6 9. Qd2 b6 10. O-O-O Bb7 11. Rg1 Qd7 12. g4 O-O-O 13. Bg2 h6 14. Kb1
Na5 15. Bxb7+ Kxb7 16. Qd3 Qc6 17. Ng3 Nc4 18. Nh5 Bxd4 19. Bxd4 e5 20. Qc3
exd4 21. Rxd4 Nxa3+ 22. Ka2 Rxd4 23. Qxd4 Nxc2 24. Qf4 Rd8 25. Rc1 g5 26. Qf5
Qa4+ 27. Kb1 Na3+ 28. bxa3 Qb3+ 29. Ka1 Qxa3+ 30. Kb1 Qb3+ 31. Ka1 Rd4 32.
Rxc7+ Kxc7 33. Qe5+ Rd6 34. Qe7+ Rd7 35. Qe5+ Kb7 36. Qe4+ Qd5 0-1

[Event "Pere Noel"]
[Site "Montreal CAN"]
[Date "2016.12.27"]
[Round "2.1"]
[White "Sambuev, Bator"]
[Black "Fillion, Steve"]
[Result "1-0"]
[WhiteElo "2588"]
[BlackElo "2144"]
[PlyCount "47"]
[EventDate "2016.12.26"]
[EventType "swiss"]
[EventRounds "5"]
[EventCountry "CAN"]

1. Nf3 d5 2. d4 Nf6 3. e3 g6 4. c4 c6 5. Nc3 Bg7 6. Be2 O-O 7. O-O e6 8. Qc2
Nbd7 9. Rd1 b6 10. a4 a5 11. e4 Nxe4 12. Nxe4 dxe4 13. Qxe4 Bb7 14. Bg5 Bf6 15.
Qh4 Re8 16. Bxf6 Qxf6 17. Ng5 Nf8 18. Ra3 Qe7 19. Rb3 Qc7 20. Ne4 Red8 21. Nf6+
Kg7 22. Ng4 h5 23. Qf6+ Kh7 24. Rh3 1-0

[Event "Pere Noel"]
[Site "Montreal CAN"]
[Date "2016.12.28"]
[Round "3.1"]
[White "Yu, Zong Yang"]
[Black "Sambuev, Bator"]
[Result "1-0"]
[WhiteElo "2476"]
[BlackElo "2588"]
[PlyCount "69"]
[EventDate "2016.12.26"]
[EventType "swiss"]
[EventRounds "5"]
[EventCountry "CAN"]

1. d4 e6 2. Nf3 c5 3. g3 b6 4. Bg2 Bb7 5. c4 cxd4 6. Qxd4 Nc6 7. Qf4 Nb4 8. Ng5
Nc2+ 9. Kd1 f6 10. Bxb7 fxg5 11. Qf3 g4 12. Qg2 Nxa1 13. Bxa8 Bc5 14. Nc3 Ne7
15. Be4 O-O 16. Rf1 Bb4 17. Bg5 h6 18. Bd2 b5 19. Bb1 d5 20. cxd5 exd5 21. e3
Rf3 22. Re1 Bc5 23. Qf1 a6 24. Qd3 d4 25. Ne2 Nf5 26. Nf4 g6 27. Ne6 Qd6 28.
Nxc5 Qxc5 29. exd4 Qd6 30. Qe4 Nxd4 31. Bf4 Rxf4 32. Qxf4 Qd7 33. Qd2 b4 34.
Qd3 Kf8 35. Re4 1-0

[Event "Pere Noel"]
[Site "Montreal CAN"]
[Date "2016.12.29"]
[Round "4.3"]
[White "Sambuev, Bator"]
[Black "Voskanyan, Vahagn"]
[Result "1-0"]
[WhiteElo "2588"]
[BlackElo "2251"]
[PlyCount "71"]
[EventDate "2016.12.26"]
[EventType "swiss"]
[EventRounds "5"]
[EventCountry "CAN"]

1. d4 Nf6 2. c4 e6 3. Nc3 d5 4. Bg5 Be7 5. e3 Nbd7 6. Nf3 O-O 7. Bd3 dxc4 8.
Bxc4 c5 9. O-O b6 10. Qe2 cxd4 11. exd4 Bb7 12. Rad1 Re8 13. Rfe1 Qc8 14. Ne5
Nxe5 15. dxe5 Nd5 16. Bxd5 Bxg5 17. Be4 Be7 18. Rd3 Bxe4 19. Nxe4 Qc7 20. Nd6
Bxd6 21. exd6 Qd7 22. h4 Rac8 23. Qd2 Rc5 24. b4 Rc4 25. Rg3 f6 26. h5 Rec8 27.
h6 g6 28. Rf3 f5 29. Rfe3 Rc2 30. Qd4 R2c4 31. Qf6 Rf8 32. Qb2 Re4 33. Rxe4
fxe4 34. Rxe4 Re8 35. Qe5 a5 36. Rc4 1-0

[Event "Pere Noel"]
[Site "Montreal CAN"]
[Date "2016.12.30"]
[Round "5.2"]
[White "Zhu, Hong Rui"]
[Black "Sambuev, Bator"]
[Result "0-1"]
[WhiteElo "2311"]
[BlackElo "2588"]
[PlyCount "54"]
[EventDate "2016.12.26"]
[EventType "swiss"]
[EventRounds "5"]
[EventCountry "CAN"]

1. e4 d6 2. d4 Nf6 3. Nc3 e5 4. Nf3 Nbd7 5. Bc4 Be7 6. O-O O-O 7. Re1 c6 8. a4
a5 9. h3 Re8 10. Ng5 Rf8 11. Be3 h6 12. Bxf7+ Rxf7 13. Ne6 Qb6 14. dxe5 Qxb2
15. exf6 Bxf6 16. Bd4 Qb4 17. Re3 Ne5 18. Nf4 Ng4 19. Rd3 Bxd4 20. Rxd4 Qxc3
21. Ne2 Qc5 22. hxg4 Bxg4 23. f3 Bxf3 24. gxf3 Rxf3 25. Kg2 Raf8 26. Ng3 Qe5
27. Nf5 R8xf5 0-1

[Event "National Capital op"]
[Site "Ottawa CAN"]
[Date "2016.10.28"]
[Round "1"]
[White "Sambuev, Bator"]
[Black "Simic, Dusan"]
[Result "1-0"]
[WhiteElo "2599"]
[BlackElo "2133"]
[PlyCount "55"]
[EventDate "2016.10.28"]
[EventType "swiss"]
[EventRounds "5"]
[EventCountry "CAN"]

1. d4 Nf6 2. c4 g6 3. Nc3 Bg7 4. e4 d6 5. Nf3 O-O 6. Be2 Nbd7 7. O-O e5 8. Be3
Ng4 9. Bg5 f6 10. Bc1 Nb6 11. h3 Nh6 12. dxe5 fxe5 13. Bg5 Qd7 14. Qd2 Nf7 15.
Be3 Qd8 16. c5 dxc5 17. Bxc5 Qxd2 18. Nxd2 Rd8 19. Nc4 Be6 20. Na5 Nd7 21. Be3
Nd6 22. Rfd1 Bf8 23. Rac1 c6 24. Rxd6 Bxd6 25. Nxb7 Be7 26. Nxd8 Bxd8 27. Rd1
Be7 28. Bc4 1-0

[Event "National Capital op"]
[Site "Ottawa CAN"]
[Date "2016.10.29"]
[Round "2"]
[White "Marin, Sam"]
[Black "Sambuev, Bator"]
[Result "0-1"]
[WhiteElo "2027"]
[BlackElo "2599"]
[PlyCount "128"]
[EventDate "2016.10.28"]
[EventType "swiss"]
[EventRounds "5"]
[EventCountry "CAN"]

1. e4 e6 2. d4 d5 3. e5 c5 4. c3 Nc6 5. Nf3 Qb6 6. a3 Nh6 7. b4 cxd4 8. cxd4
Nf5 9. Be3 Bd7 10. Nc3 Nxe3 11. fxe3 Nxb4 12. Na4 Bxa4 13. Qxa4+ Nc6 14. Bb5
Be7 15. Rc1 Rc8 16. O-O O-O 17. Rb1 a6 18. Bd3 Qa5 19. Qd1 b5 20. h4 Qd8 21. a4
Bxh4 22. Nxh4 Qxh4 23. axb5 axb5 24. Rf3 f5 25. exf6 Rxf6 26. Rh3 Qf2+ 27. Kh2
g6 28. Qg4 Nd8 29. Rf1 Qxf1 30. Bxf1 Rxf1 31. Qe2 Rf6 32. Qxb5 Nf7 33. Rf3 Kg7
34. Rxf6 Kxf6 35. Qf1+ Ke7 36. e4 dxe4 37. Qf4 Rd8 38. Qh4+ g5 39. Qxe4 h5 40.
Qb7+ Rd7 41. Qb4+ Kf6 42. Kg3 Rd5 43. Kf3 Rf5+ 44. Ke3 h4 45. Qf8 Rb5 46. Qa3
Rf5 47. Qf8 Rf4 48. Qa8 Kg7 49. Qc8 Rf6 50. Qc7 g4 51. Qd7 h3 52. gxh3 gxh3 53.
Qc7 Kg6 54. Qc2+ Rf5 55. Qc6 Kf6 56. Qe4 Ng5 57. Qh4 Kg6 58. Ke2 Rf7 59. Qg3
Rf3 60. Qg1 Rf4 61. Qb1+ Kh5 62. Qb8 Kg4 63. Qh8 Rf5 64. Qh6 Kg3 0-1

[Event "National Capital op"]
[Site "Ottawa CAN"]
[Date "2016.10.29"]
[Round "3"]
[White "Sambuev, Bator"]
[Black "Pacey, Kevin"]
[Result "1-0"]
[WhiteElo "2599"]
[BlackElo "2161"]
[PlyCount "85"]
[EventDate "2016.10.28"]
[EventType "swiss"]
[EventRounds "5"]
[EventCountry "CAN"]

1. Nf3 g6 2. d4 d6 3. c3 Bg7 4. e4 Nf6 5. Qc2 Nc6 6. Bg5 h6 7. Bh4 g5 8. Bg3
Nh5 9. Be2 Nxg3 10. hxg3 e6 11. g4 Ne7 12. Nbd2 Ng6 13. Nc4 Nf4 14. Bf1 d5 15.
g3 dxe4 16. Qxe4 Qd5 17. Qe3 Ng6 18. Bd3 Bd7 19. Ncd2 Bc6 20. c4 Qd6 21. d5 Bd7
22. O-O O-O 23. Ne4 Qe7 24. Nc5 Rae8 25. Rae1 Bc8 26. Bxg6 fxg6 27. Nxe6 Bxe6
28. dxe6 Bxb2 29. Qe4 Rf6 30. Qxb7 Ba3 31. Re2 Rxe6 32. Rxe6 Qxe6 33. Re1 Qf7
34. Rxe8+ Qxe8 35. Qxa7 Qf8 36. Kg2 Qd6 37. Qa8+ Kg7 38. Qe8 Bc5 39. Ne5 Qf6
40. Qd7+ Qe7 41. Qxe7+ Bxe7 42. a4 Kf6 43. Nc6 1-0

[Event "National Capital op"]
[Site "Ottawa CAN"]
[Date "2016.10.30"]
[Round "4"]
[White "Doubleday, William"]
[Black "Sambuev, Bator"]
[Result "0-1"]
[WhiteElo "2028"]
[BlackElo "2599"]
[PlyCount "46"]
[EventDate "2016.10.28"]
[EventType "swiss"]
[EventRounds "5"]
[EventCountry "CAN"]

1. d4 d5 2. c4 e6 3. Nc3 c5 4. e3 Nf6 5. Nf3 Nc6 6. a3 Ne4 7. Bd3 Nxc3 8. bxc3
dxc4 9. Bxc4 Be7 10. O-O O-O 11. Qe2 Qc7 12. Bb2 Na5 13. Ba2 b6 14. d5 c4 15.
e4 exd5 16. exd5 Bb7 17. Rad1 Rad8 18. Rfe1 Bf6 19. Qe4 g6 20. h4 h5 21. Bb1
Qd6 22. Ne5 Rfe8 23. Qf4 Rxe5 0-1

[Event "National Capital op"]
[Site "Ottawa CAN"]
[Date "2016.10.30"]
[Round "5"]
[White "Sambuev, Bator"]
[Black "Zhou, Qiyu"]
[Result "1-0"]
[WhiteElo "2599"]
[BlackElo "2239"]
[PlyCount "69"]
[EventDate "2016.10.28"]
[EventType "swiss"]
[EventRounds "5"]
[EventCountry "CAN"]

1. Nf3 Nf6 2. c4 e6 3. g3 d5 4. Bg2 Be7 5. O-O O-O 6. d4 c6 7. Qc2 b6 8. Rd1
Nbd7 9. Ne5 Bb7 10. Nc3 Rc8 11. e4 dxe4 12. Nxe4 Nxe4 13. Bxe4 Nf6 14. Bf3 Qc7
15. Bf4 Bd6 16. Qc3 Qe7 17. Bg5 h6 18. Bxf6 gxf6 19. c5 Bb8 20. Ng4 Kg7 21. b4
Rh8 22. Re1 h5 23. Ne3 Qc7 24. h4 Rcg8 25. Rac1 b5 26. Ng2 Kf8 27. d5 cxd5 28.
c6 Bc8 29. Qxf6 a6 30. Kf1 Rh7 31. Nf4 Ba7 32. Rxe6 Qb6 33. Qe7+ Kg7 34. Rg6+
Kh8 35. Qe5+ 1-0

[Event "Varennes"]
[Site "Varennes CAN"]
[Date "2016.10.07"]
[Round "1.1"]
[White "Boulay, David"]
[Black "Sambuev, Bator"]
[Result "0-1"]
[WhiteElo "2007"]
[BlackElo "2589"]
[PlyCount "78"]
[EventDate "2016.10.07"]
[EventType "swiss"]
[EventRounds "5"]
[EventCountry "CAN"]

1. d4 Nf6 2. c4 e6 3. Nc3 Bb4 4. Qc2 c5 5. dxc5 O-O 6. e3 Na6 7. Nf3 Nxc5 8. a3
Bxc3+ 9. Qxc3 b6 10. Be2 Ba6 11. b4 Nce4 12. Qb3 d5 13. b5 Bb7 14. O-O dxc4 15.
Qxc4 Rc8 16. Qd4 Nc3 17. Bd3 Bxf3 18. gxf3 Qxd4 19. exd4 Rfd8 20. Be3 Nfd5 21.
Rfe1 g6 22. Bf1 f6 23. f4 Kf7 24. Kg2 Ne7 25. Rac1 Nf5 26. Rc2 Nd5 27. Rc6 Rxc6
28. bxc6 Rc8 29. Rc1 Nfxe3+ 30. fxe3 Nxe3+ 31. Kf2 Nxf1 32. Kxf1 Ke7 33. Ke2
Kd6 34. Kd3 Rxc6 35. Rb1 a6 36. a4 Kd5 37. Rb4 h6 38. Ke3 Rc3+ 39. Kf2 Kc6 0-1

[Event "Varennes"]
[Site "Varennes CAN"]
[Date "2016.10.08"]
[Round "2.1"]
[White "Sambuev, Bator"]
[Black "Tremblay, Rejean"]
[Result "0-1"]
[WhiteElo "2589"]
[BlackElo "2170"]
[PlyCount "114"]
[EventDate "2016.10.07"]
[EventType "swiss"]
[EventRounds "5"]
[EventCountry "CAN"]

1. e4 c5 2. Nf3 d6 3. d4 cxd4 4. Nxd4 Nf6 5. Nc3 a6 6. Bc4 e6 7. Bb3 Nbd7 8. f4
Nc5 9. e5 dxe5 10. fxe5 Nfd7 11. Bf4 b5 12. Qh5 g6 13. Qe2 Bb7 14. O-O-O Bg7
15. Kb1 Qa5 16. Rhf1 b4 17. Nd5 Bxd5 18. Bxd5 exd5 19. e6 O-O 20. exd7 Nxd7 21.
Nc6 Qa4 22. Ne7+ Kh8 23. Rxd5 Nf6 24. Rd6 Rae8 25. Rxf6 Bxf6 26. Be5 Bg7 27. g4
Qd7 28. Bxg7+ Kxg7 29. Re1 Qe6 30. Qxe6 fxe6 31. Nc6 Rf4 32. h3 Ref8 33. Rc1
Re4 34. Rd1 Kh6 35. b3 Rf3 36. Rd3 Re1+ 37. Kb2 Rxd3 38. cxd3 Re2+ 39. Kb1 Rd2
40. Nxb4 a5 41. Nc6 Rxd3 42. Nxa5 Rxh3 43. a4 Kg5 44. Kb2 Rf3 45. Nc6 h5 46.
gxh5 gxh5 47. a5 h4 48. a6 Rf8 49. a7 Ra8 50. b4 h3 51. b5 h2 52. b6 h1=Q 53.
b7 Rxa7 54. b8=Q Qa1+ 55. Kc2 Ra2+ 56. Kd3 Qd1+ 57. Kc4 Rc2+ 0-1